Financial Accounting 5th

Bewaard in:
Bibliografische gegevens
Formaat: Boek
Taal:English
Gepubliceerd in: McGraw-Hill/Irwin 2006
Onderwerpen:
Tags: Voeg label toe
Geen labels, Wees de eerste die dit record labelt!
Thư viện lưu trữ: Mạng thư viện Đại học Đà Nẵng
LEADER 01003cam a22003251a 4500
001 000035344
003 11621
005 20151116000000.0
008 151116s2006 000 eng
020 |a 9780072931174 
041 |a eng 
082 |a 420.4  |b DI-B 
245 |a Financial Accounting 5th 
260 |a McGraw-Hill/Irwin  |c 2006 
300 |a 756tr 
650 |a Financial Accounting 5th,2006, 
852 |b Chuyên đề  |c Tiếng Anh tham khảo 1 
OWN |a LNN 
AVA |a UDN50  |b LNN  |d 420.4 DI-B  |e available  |t Error 5001 Not defined in file expand_doc_bib_avail.  |f 1  |g 0  |h N  |i 0  |k 1 
999 |a From the UDN01 
AVA |a UDN50  |b LNN  |d 420.4 DI-B  |e available  |t Error 5001 Not defined in file expand_doc_bib_avail.  |f 1  |g 0  |h N  |i 0  |k 1 
TYP |a Monograph 
TYP |a Printed language 
980 |a Mạng thư viện Đại học Đà Nẵng